[Event "World Youth U-16 Olympiad 2018"]
[Site "Konya"]
[Date "2018.11.26"]
[Round "2"]
[White "Martins, Bruno Andre Leite"]
[Black "Niemann, Hans"]
[Result "0-1"]
[WhiteElo "2205"]
[BlackElo "2439"]
[Annotator "TA"]
[PlyCount "62"]
[EventDate "2018.11.25"]
[EventType "team-tourn"]
[EventCountry "TUR"]
[SourceTitle "playchess.com"]
[Source "ChessBase"]
[SourceQuality "1"]
[WhiteTeam "Portugal"]
[BlackTeam "United States"]
[WhiteTeamCountry "POR"]
[BlackTeamCountry "USA"]

1. d4 Nf6 2. Nf3 d5 3. Bf4 c5 4. e3 Nc6 5. c3 Qb6 6. Qb3 c4 7. Qc2 Bf5 8. Qc1 e6 9. h3 h6 10. Nbd2 Be7 11. Be2 O-O 12. g4 Be4 13. Rg1 Qd8 14. g5 hxg5 15. Bxg5 b5 16. h4 Bh7 17. Bh6 Ne8 18. Ng5 Bxg5 19. Bxg5 f6 20. Bf4 e5 21. dxe5 fxe5 22. Bg5 Qd7 23. e4 Qf7 24. Rg2 Kh8 25. a4 b4 26. f3 Nd6 27. exd5 Qxd5 28. Nf1 Qe6 29. Qd2 Rae8 30. Ne3 Bd3 31. O-O-O Na5 0-1

[Event "World Youth U-16 Olympiad 2018"]
[Site "Konya"]
[Date "2018.11.26"]
[Round "2"]
[White "Skalsky, Alexandr"]
[Black "Matviishen, Viktor"]
[Result "0-1"]
[WhiteElo "2202"]
[BlackElo "2476"]
[Annotator "TA"]
[PlyCount "102"]
[EventDate "2018.11.25"]
[EventType "team-tourn"]
[EventCountry "TUR"]
[SourceTitle "playchess.com"]
[Source "ChessBase"]
[SourceQuality "1"]
[WhiteTeam "Czech Republic"]
[BlackTeam "Ukraine"]
[WhiteTeamCountry "CZE"]
[BlackTeamCountry "UKR"]

1. e4 e5 2. Nf3 Nc6 3. Bb5 a6 4. Bxc6 dxc6 5. O-O Qd6 6. Na3 b5 7. c3 Bg4 8. d4 O-O-O 9. h3 Bxf3 10. Qxf3 exd4 11. cxd4 Qxd4 12. Bg5 Re8 13. Rfd1 Qe5 14. Qxf7 Nf6 15. Bxf6 gxf6 16. Qd7+ Kb7 17. Rac1 Bc5 18. Qf5 Qxf5 19. exf5 Re5 20. g4 h5 21. Kg2 hxg4 22. hxg4 Bd6 23. Rh1 Rxh1 24. Kxh1 Re4 25. f3 Re3 26. Rf1 Re2 27. f4 Rxb2 28. Nb1 Rb4 29. g5 fxg5 30. fxg5 Rh4+ 31. Kg2 Rg4+ 32. Kf3 Rxg5 33. Ke4 Rg4+ 34. Ke3 Bf8 35. Nc3 Rg3+ 36. Rf3 Rxf3+ 37. Kxf3 c5 38. Ne4 Kc6 39. Ng5 Kd7 40. Ke4 c4 41. Nh7 Ke7 42. Ng5 b4 43. Kd4 c3 44. Kd3 Bg7 45. Ne6 Be5 46. Nc5 a5 47. a3 bxa3 48. Nb3 a2 49. Kc2 a4 50. Na1 Kf7 51. Kc1 c2 0-1

[Event "World Youth U-16 Olympiad 2018"]
[Site "Konya"]
[Date "2018.11.26"]
[Round "2"]
[White "Nalbant, Tuna Onat"]
[Black "Boyer, Mahel"]
[Result "1/2-1/2"]
[WhiteElo "2194"]
[BlackElo "2235"]
[Annotator "TA"]
[PlyCount "95"]
[EventDate "2018.11.25"]
[EventType "team-tourn"]
[EventCountry "TUR"]
[SourceTitle "playchess.com"]
[Source "ChessBase"]
[SourceQuality "1"]
[WhiteTeam "Turkey"]
[BlackTeam "France"]
[WhiteTeamCountry "TUR"]
[BlackTeamCountry "FRA"]

1. e4 c5 2. Nf3 a6 3. d4 cxd4 4. Nxd4 Nf6 5. Nc3 e5 6. Nb3 Bb4 7. Bd3 O-O 8. O-O d6 9. Nd5 Nxd5 10. exd5 f5 11. c4 Nd7 12. a3 Bc5 13. Nxc5 Nxc5 14. Bc2 a5 15. Be3 Qb6 16. b4 axb4 17. axb4 Rxa1 18. Qxa1 Qxb4 19. Qa2 Qb6 20. Rb1 Qc7 21. f3 f4 22. Bf2 g5 23. Qa3 Na6 24. Bd3 g4 25. fxg4 Bxg4 26. Rb6 Rd8 27. h3 Bc8 28. Be4 Kg7 29. Rb1 Qxc4 30. Qf3 Nc5 31. Bxc5 Qxc5+ 32. Kh2 Qc7 33. Qh5 Kh8 34. Qg5 Rf8 35. Qh6 Rg8 36. Qf6+ Qg7 37. Qxd6 Bf5 38. Rxb7 Qxb7 39. Qxe5+ Qg7 40. Qxg7+ Kxg7 41. Bxf5 h6 42. Be6 Rb8 43. d6 Kf6 44. Bg4 Kg5 45. d7 h5 46. Bf3 Rd8 47. Bc6 h4 48. Kg1 1/2-1/2

[Event "World Youth U-16 Olympiad 2018"]
[Site "Konya"]
[Date "2018.11.26"]
[Round "2"]
[White "Fecker, Noah"]
[Black "Bekturov, Tamerlan"]
[Result "1/2-1/2"]
[WhiteElo "2184"]
[BlackElo "2244"]
[Annotator "TA"]
[PlyCount "59"]
[EventDate "2018.11.25"]
[EventType "team-tourn"]
[EventCountry "TUR"]
[SourceTitle "playchess.com"]
[Source "ChessBase"]
[SourceQuality "1"]
[WhiteTeam "Switzerland"]
[BlackTeam "Kazakhstan"]
[WhiteTeamCountry "SUI"]
[BlackTeamCountry "KAZ"]

1. e4 c6 2. d4 d5 3. Nc3 dxe4 4. Nxe4 Nd7 5. Ng5 Ngf6 6. Bd3 e6 7. N1f3 Bd6 8. Qe2 h6 9. Ne4 Nxe4 10. Qxe4 Nf6 11. Qe2 Qc7 12. Bd2 b6 13. O-O-O Bb7 14. Rhe1 O-O-O 15. Kb1 Kb8 16. c4 c5 17. dxc5 Bxc5 18. Bc3 Ka8 19. h3 Rd7 20. Ne5 Rd6 21. Nf3 Rd7 22. Rd2 Rhd8 23. Red1 a5 24. Bc2 Rxd2 25. Rxd2 Rxd2 26. Bxd2 Nd7 27. Bc3 g6 28. Be4 Qf4 29. Bxb7+ Kxb7 30. Qd3 1/2-1/2

[Event "World Youth U-16 Olympiad 2018"]
[Site "Konya"]
[Date "2018.11.26"]
[Round "2"]
[White "Bekasovs, Rihards"]
[Black "Tsoi, Dmitry"]
[Result "1/2-1/2"]
[WhiteElo "2182"]
[BlackElo "2429"]
[Annotator "TA"]
[PlyCount "99"]
[EventDate "2018.11.25"]
[EventType "team-tourn"]
[EventCountry "TUR"]
[SourceTitle "playchess.com"]
[Source "ChessBase"]
[SourceQuality "1"]
[WhiteTeam "Latvia"]
[BlackTeam "Russia"]
[WhiteTeamCountry "LAT"]
[BlackTeamCountry "RUS"]

1. c4 f5 2. Nf3 Nf6 3. g3 e6 4. Bg2 d5 5. d4 c6 6. O-O Bd6 7. Nc3 O-O 8. b3 Nbd7 9. Qc2 Ne4 10. Nd2 Nxc3 11. Qxc3 Qe7 12. Nf3 b6 13. Bf4 Bb7 14. Rac1 a5 15. Bxd6 Qxd6 16. Rfd1 Rfe8 17. e3 Rec8 18. Qd2 a4 19. b4 Ba6 20. c5 bxc5 21. bxc5 Qc7 22. Rb1 Rcb8 23. Bf1 Bxf1 24. Rxf1 e5 25. Nxe5 Nxe5 26. dxe5 Qxe5 27. Rb4 Rxb4 28. Qxb4 Qb8 29. Qb6 Qxb6 30. cxb6 Rb8 31. Rb1 Kf7 32. Rb4 Ke6 33. Rxa4 Rxb6 34. Ra7 g5 35. Rxh7 f4 36. gxf4 gxf4 37. Kg2 fxe3 38. fxe3 Rb2+ 39. Kf3 c5 40. h4 Rxa2 41. h5 c4 42. Rc7 Rh2 43. e4 Rxh5 44. exd5+ Kxd5 45. Ke3 Rh2 46. Rc8 Rg2 47. Rc7 c3 48. Rxc3 Rg3+ 49. Kd2 Rxc3 50. Kxc3 1/2-1/2

[Event "World Youth U-16 Olympiad 2018"]
[Site "Konya"]
[Date "2018.11.26"]
[Round "2"]
[White "Song, Yuxin"]
[Black "Schneider, Jana"]
[Result "1-0"]
[WhiteElo "2178"]
[BlackElo "2163"]
[Annotator "TA"]
[PlyCount "69"]
[EventDate "2018.11.25"]
[EventType "team-tourn"]
[EventCountry "TUR"]
[SourceTitle "playchess.com"]
[Source "ChessBase"]
[SourceQuality "1"]
[WhiteTeam "China"]
[BlackTeam "Germany"]
[WhiteTeamCountry "CHN"]
[BlackTeamCountry "GER"]

1. e4 e5 2. Nf3 Nc6 3. Bb5 a6 4. Ba4 Nf6 5. O-O Be7 6. Re1 b5 7. Bb3 d6 8. c3 O-O 9. h3 Na5 10. Bc2 c5 11. d4 Nd7 12. Nbd2 exd4 13. cxd4 cxd4 14. Nxd4 Bf6 15. Nf1 Ne5 16. Ne3 Nac6 17. Ndf5 g6 18. Nxd6 Bxh3 19. f4 Bg4 20. Qd2 Bh4 21. Rf1 Qb6 22. Kh1 Nd4 23. fxe5 Ne2 24. Rxf7 Rxf7 25. Bb3 Bf2 26. Qd5 Raf8 27. Nxg4 Be1 28. Be3 Ng3+ 29. Kg1 Ne2+ 30. Kh2 Bg3+ 31. Kh1 Kg7 32. Qxf7+ Rxf7 33. Nxf7 Nd4 34. Bh6+ Kg8 35. Nf6+ 1-0

[Event "World Youth U-16 Olympiad 2018"]
[Site "Konya"]
[Date "2018.11.26"]
[Round "2"]
[White "Piyumantha, M Sasith Nipun"]
[Black "Parkhov, Yair"]
[Result "1/2-1/2"]
[WhiteElo "2167"]
[BlackElo "2330"]
[Annotator "TA"]
[PlyCount "204"]
[EventDate "2018.11.25"]
[EventType "team-tourn"]
[EventCountry "TUR"]
[SourceTitle "playchess.com"]
[Source "ChessBase"]
[SourceQuality "1"]
[WhiteTeam "Sri Lanka"]
[BlackTeam "Israel"]
[WhiteTeamCountry "SRI"]
[BlackTeamCountry "ISR"]

1. d4 Nf6 2. c4 e6 3. Nf3 d5 4. g3 Bb4+ 5. Bd2 Be7 6. Qc2 O-O 7. Bg2 c6 8. O-O Nbd7 9. Rd1 b6 10. Bf4 Ba6 11. b3 Rc8 12. Nbd2 Nh5 13. Ne5 Nxf4 14. gxf4 Nxe5 15. dxe5 f5 16. e3 Bb7 17. Nf3 Qe8 18. cxd5 cxd5 19. Qe2 Qd7 20. Rac1 Ba3 21. Rxc8 Rxc8 22. Nd4 Bc5 23. Bf1 Bxd4 24. Rxd4 Rc3 25. Rd3 Rc1 26. Rd1 Rc3 27. Rd3 Rc8 28. Rd4 g6 29. h3 Rc1 30. Rd1 Rc3 31. Rd4 Qc6 32. Qb5 Rc1 33. Kg2 Kf7 34. Qxc6 Bxc6 35. a4 Ke7 36. Bb5 Bb7 37. Be2 Rc3 38. b4 Bc6 39. b5 Bd7 40. Kf1 Ra3 41. Rb4 Ra1+ 42. Kg2 Bc8 43. Kg3 Bb7 44. Rd4 Kd7 45. Kh2 Ra2 46. Bd3 Rxf2+ 47. Kg3 Rd2 48. Bf1 Ra2 49. Bd3 Ke7 50. h4 Ra3 51. Kf2 Ra2+ 52. Be2 a5 53. Kf3 Bc8 54. Bd1 Bd7 55. Rd3 Be8 56. Kg3 Ra1 57. Rd2 Rc1 58. Bc2 Bd7 59. Bd1 Ke8 60. Rd3 Kd8 61. Rd4 Bc8 62. Rd2 Bb7 63. Rd4 h6 64. Rd2 Bc8 65. Kf3 Bd7 66. Kg3 Be8 67. Bc2 Rg1+ 68. Rg2 Re1 69. Kf2 Ra1 70. Kg3 Ra3 71. Kf3 Rc3 72. Rd2 Ke7 73. Bd1 Rc4 74. Kg3 Rc1 75. Rd3 Ra1 76. Rd2 Rb1 77. Rd3 Rb2 78. Rd4 Bd7 79. Rd3 Kd8 80. Rd4 Bc8 81. Rd3 Bb7 82. Rd4 Ra2 83. Kf3 Ra1 84. Kg3 Ra3 85. Kf3 Rc3 86. Be2 Bc8 87. Rd3 Rc4 88. Rd4 Rb4 89. Bd1 Bd7 90. Kg3 Be8 91. Rd2 Rc4 92. Rd4 Rc3 93. Kf3 Rc1 94. Kg3 Rc4 95. Be2 Rc7 96. Rd1 Rc2 97. Re1 Rd2 98. Kf2 g5 99. hxg5 hxg5 100. fxg5 Bh5 101. Kf1 Bxe2+ 102. Rxe2 Ke7 1/2-1/2

[Event "World Youth U-16 Olympiad 2018"]
[Site "Konya"]
[Date "2018.11.26"]
[Round "2"]
[White "Marn, Jan"]
[Black "Celik, Eylul"]
[Result "1-0"]
[WhiteElo "2125"]
[BlackElo "1950"]
[Annotator "TA"]
[PlyCount "151"]
[EventDate "2018.11.25"]
[EventType "team-tourn"]
[EventCountry "TUR"]
[SourceTitle "playchess.com"]
[Source "ChessBase"]
[SourceQuality "1"]
[WhiteTeam "Slovenia"]
[BlackTeam "Turkey"]
[WhiteTeamCountry "SLO"]
[BlackTeamCountry "TUR"]

1. d4 d5 2. c4 c6 3. Nf3 e6 4. Nc3 dxc4 5. a4 Bb4 6. Bd2 a5 7. e3 b5 8. axb5 Bxc3 9. Bxc3 cxb5 10. b3 Bb7 11. bxc4 b4 12. Bb2 Nf6 13. Bd3 O-O 14. O-O Nbd7 15. Nd2 e5 16. Bc2 Qc7 17. Bb3 Rfe8 18. c5 exd4 19. exd4 Qc6 20. f3 Nd5 21. Nc4 Ne3 22. Nxe3 Rxe3 23. d5 Qxc5 24. Bd4 Qe7 25. d6 Qe8 26. Bxe3 Qxe3+ 27. Kh1 Qg5 28. Re1 h6 29. Re7 Bc6 30. Rxf7 Kh8 31. h3 Ne5 32. Rc7 Qf6 33. Bd5 Ng4 34. fxg4 Bxd5 35. d7 Rd8 36. Rxa5 Qd6 37. Rc1 Rxd7 38. Qf1 b3 39. Rc8+ Rd8 40. Rxd8+ Qxd8 41. Rb5 Qd7 42. Rb8+ Bg8 43. Qf8 Qe6 44. Qf2 Qc6 45. Rb6 Qc4 46. Kg1 Qc1+ 47. Kh2 Qc3 48. h4 Qe5+ 49. g3 Qe4 50. Qb2 Kh7 51. g5 h5 52. g6+ Kh8 53. Qf2 Qd5 54. Qe2 Qf5 55. Qd2 Qc5 56. Rb8 Qf5 57. Rb6 Qc5 58. Ra6 Qf5 59. Qe2 Qd5 60. Rb6 Qf5 61. Rb5 Qxg6 62. Qxh5+ Qxh5 63. Rxh5+ Bh7 64. Rb5 Bc2 65. g4 Kg8 66. Kg3 Kh7 67. Kf4 Kg6 68. Rb6+ Kh7 69. Kg5 Bd1 70. h5 Bc2 71. h6 gxh6+ 72. Rxh6+ Kg7 73. Rb6 Kg8 74. Kf6 Kh7 75. g5 Kg8 76. g6 1-0

[Event "World Youth U-16 Olympiad 2018"]
[Site "Konya"]
[Date "2018.11.26"]
[Round "2"]
[White "Kistrup, Nicolai"]
[Black "Oboladze, Luka"]
[Result "1-0"]
[WhiteElo "2092"]
[BlackElo "2318"]
[Annotator "RC"]
[PlyCount "163"]
[EventDate "2018.11.25"]
[EventType "team-tourn"]
[EventCountry "TUR"]
[SourceTitle "playchess.com"]
[Source "ChessBase"]
[SourceQuality "1"]
[WhiteTeam "Denmark"]
[BlackTeam "Georgia"]
[WhiteTeamCountry "DEN"]
[BlackTeamCountry "GEO"]

1. d4 Nf6 2. c4 g6 3. Nc3 d5 4. cxd5 Nxd5 5. e4 Nxc3 6. bxc3 Bg7 7. Nf3 c5 8. Be3 Qa5 9. Nd2 cxd4 10. Nc4 Qd8 11. cxd4 O-O 12. Rc1 f5 13. Qb3 Kh8 14. Ne5 e6 15. Bc4 f4 16. Bxe6 Bxe6 17. Qxe6 fxe3 18. O-O Qe8 19. Qxe8 Rxe8 20. Nf7+ Kg8 21. fxe3 Nc6 22. Nd6 Re7 23. e5 Bh6 24. Rc3 Nb4 25. Rb3 Nd5 26. Re1 Rd8 27. Kf2 Rf8+ 28. Ke2 Rc7 29. Rxb7 Rc3 30. Rb3 Rc2+ 31. Kd3 Rxa2 32. Ke4 Ne7 33. g4 Nc8 34. Kd5 Ra6 35. Nxc8 Rxc8 36. Reb1 Bf8 37. Rb8 Rc7 38. Rf1 Rd7+ 39. Ke4 Rf7 40. Rxf7 Kxf7 41. Rb7+ Be7 42. d5 Ra4+ 43. Kf3 Ke8 44. d6 Bf8 45. Rb8+ Kf7 46. d7 Be7 47. Re8 g5 48. d8=Q Bxd8 49. Rxd8 Ke6 50. Re8+ Kf7 51. Rh8 Ke6 52. Rxh7 Kxe5 53. Rf7 Ra2 54. Rf5+ Ke6 55. Rxg5 Rxh2 56. Ra5 Rh7 57. Ke4 Rb7 58. Ra6+ Kf7 59. Kf5 Rb5+ 60. Kf4 Rb1 61. Rxa7+ Kf6 62. Ra6+ Kf7 63. e4 Rf1+ 64. Kg5 Rg1 65. e5 Rg2 66. e6+ Ke7 67. Kf5 Rf2+ 68. Kg6 Rg2 69. g5 Rg1 70. Kh6 Kf8 71. Ra7 Re1 72. e7+ Ke8 73. Kg7 Rg1 74. Kg6 Rg2 75. Rb7 Rg1 76. Kf6 Rf1+ 77. Kg7 Rg1 78. Rb5 Kxe7 79. Re5+ Kd6 80. Kf6 Rf1+ 81. Rf5 Ra1 82. g6 1-0

[Event "World Youth U-16 Olympiad 2018"]
[Site "Konya"]
[Date "2018.11.26"]
[Round "2"]
[White "Ozturk, Efe Hakan"]
[Black "Moran, Darragh"]
[Result "1-0"]
[WhiteElo "2083"]
[BlackElo "1800"]
[Annotator "NA RC"]
[PlyCount "52"]
[EventDate "2018.11.25"]
[EventType "team-tourn"]
[EventCountry "TUR"]
[SourceTitle "playchess.com"]
[Source "ChessBase"]
[SourceQuality "1"]
[WhiteTeam "Turkey"]
[BlackTeam "Ireland"]
[WhiteTeamCountry "TUR"]
[BlackTeamCountry "IRL"]

1. Nf3 Nf6 2. g3 d5 3. Bg2 e6 4. O-O Be7 5. d4 O-O 6. c4 dxc4 7. Qc2 a6 8. a4 Bd7 9. Ne5 Bc6 10. Nxc6 Nxc6 11. e3 a5 12. Qxc4 Nd5 13. Nc3 Ncb4 14. Rd1 c6 15. e4 Nb6 16. Qe2 Re8 17. Be3 Qc7 18. Rac1 Rad8 19. d5 exd5 20. Nb5 Qb8 21. Bxb6 cxb5 22. Bxd8 Bxd8 23. Qxb5 Bf6 24. Qxa5 Nc6 25. Qxd5 Bxb2 26. Rb1 Qc8 1-0

[Event "World Youth U-16 Olympiad 2018"]
[Site "Konya"]
[Date "2018.11.26"]
[Round "2"]
[White "Kong, Ren En"]
[Black "Chrysogelou, Athanasia-Panagiota"]
[Result "1/2-1/2"]
[WhiteElo "2059"]
[BlackElo "1729"]
[Annotator "NA RC"]
[PlyCount "95"]
[EventDate "2018.11.25"]
[EventType "team-tourn"]
[EventCountry "TUR"]
[SourceTitle "playchess.com"]
[Source "ChessBase"]
[SourceQuality "1"]
[WhiteTeam "Malaysia"]
[BlackTeam "Greece"]
[WhiteTeamCountry "MAS"]
[BlackTeamCountry "GRE"]

1. d4 Nf6 2. c4 e6 3. Nc3 Bb4 4. e3 O-O 5. Nge2 d5 6. a3 Be7 7. cxd5 exd5 8. Nf4 c6 9. Bd3 Bd6 10. O-O Nbd7 11. Rb1 a5 12. Bd2 Re8 13. Qc2 Nb6 14. Rfd1 Bd7 15. b4 axb4 16. axb4 Nc8 17. e4 dxe4 18. Nxe4 Nxe4 19. Bxe4 h6 20. d5 cxd5 21. Bxd5 Bxf4 22. Bxf4 Qf6 23. Bxb7 Ba4 24. Qd2 Ra7 25. Bxc8 Bxd1 26. Rxd1 Rxc8 27. Be3 Ra1 28. h3 Rca8 29. Rxa1 Rxa1+ 30. Kh2 Qe5+ 31. Bf4 Qb5 32. Qd8+ Kh7 33. Qe7 Qc4 34. Bd6 Rd1 35. Qe5 Rd5 36. Qg3 Qc6 37. Bc5 Qd7 38. Be3 Rb5 39. Bc5 Rb7 40. Qf4 Kg8 41. Qg3 Kh7 42. Qf4 Kg8 43. Qe5 Rb5 44. Qe4 Qc7+ 45. Kg1 Qd7 46. Qa8+ Kh7 47. Qf3 Kg8 48. Qa8+ 1/2-1/2

[Event "World Youth U-16 Olympiad 2018"]
[Site "Konya"]
[Date "2018.11.26"]
[Round "2"]
[White "Liu, Zhanhe"]
[Black "Aubakirov, Shyngys"]
[Result "1-0"]
[WhiteElo "2052"]
[BlackElo "1546"]
[Annotator "NA RC"]
[PlyCount "41"]
[EventDate "2018.11.25"]
[EventType "team-tourn"]
[EventCountry "TUR"]
[SourceTitle "playchess.com"]
[Source "ChessBase"]
[SourceQuality "1"]
[WhiteTeam "Canada"]
[BlackTeam "Kazakhstan"]
[WhiteTeamCountry "CAN"]
[BlackTeamCountry "KAZ"]

1. e4 c5 2. Nf3 Nc6 3. d4 cxd4 4. Nxd4 g6 5. Nc3 Bg7 6. Be3 Nf6 7. Bc4 a6 8. Bb3 d6 9. h3 Bd7 10. O-O O-O 11. Re1 b5 12. Nxc6 Bxc6 13. Nd5 Nxd5 14. exd5 Bd7 15. Bd4 Rc8 16. Re3 Bf5 17. c3 Bh6 18. Re2 Re8 19. g4 Bd7 20. Qd3 f5 21. Qg3 1-0

[Event "World Youth U-16 Olympiad 2018"]
[Site "Konya"]
[Date "2018.11.26"]
[Round "2"]
[White "Coman, Mihnea-George"]
[Black "Firouzja, Alireza"]
[Result "0-1"]
[WhiteElo "2042"]
[BlackElo "2607"]
[Annotator "TA"]
[PlyCount "84"]
[EventDate "2018.11.25"]
[EventType "team-tourn"]
[EventCountry "TUR"]
[SourceTitle "playchess.com"]
[Source "ChessBase"]
[SourceQuality "1"]
[WhiteTeam "Romania"]
[BlackTeam "Iran"]
[WhiteTeamCountry "ROU"]
[BlackTeamCountry "IRI"]

1. d4 Nf6 2. Nf3 g6 3. Nbd2 Bg7 4. e4 O-O 5. Bd3 d6 6. O-O Nc6 7. c3 e5 8. Nb3 a5 9. a4 exd4 10. Nfxd4 Ne5 11. Bc2 c6 12. f4 Ned7 13. h3 Re8 14. Qf3 Qe7 15. Re1 Nb6 16. Qf2 Bd7 17. Nf3 Qd8 18. e5 Nfd5 19. exd6 Rxe1+ 20. Qxe1 Nc4 21. f5 Bxf5 22. Bxf5 gxf5 23. Nbd4 Nxd6 24. Kh1 Qf6 25. Bg5 Qg6 26. Bh4 Re8 27. Qg3 Ne4 28. Qxg6 hxg6 29. Kg1 Nb6 30. Be1 Nc4 31. b3 Nb2 32. Rb1 Nd3 33. c4 Rd8 34. Ne2 Nxe1 35. Rxe1 Rd3 36. Nc1 Rc3 37. Kf1 Bh6 38. Ne2 Rxb3 39. Rd1 Rb4 40. Ne5 Nd2+ 41. Kf2 Nxc4 42. Rd8+ Kg7 0-1

[Event "World Youth U-16 Olympiad 2018"]
[Site "Konya"]
[Date "2018.11.26"]
[Round "2"]
[White "Gombocz, Zsofia"]
[Black "Urh, Zala"]
[Result "1/2-1/2"]
[WhiteElo "2041"]
[BlackElo "2066"]
[Annotator "NA RC"]
[PlyCount "88"]
[EventDate "2018.11.25"]
[EventType "team-tourn"]
[EventCountry "TUR"]
[SourceTitle "playchess.com"]
[Source "ChessBase"]
[SourceQuality "1"]
[WhiteTeam "Hungary"]
[BlackTeam "Slovenia"]
[WhiteTeamCountry "HUN"]
[BlackTeamCountry "SLO"]

1. e4 e5 2. Nf3 Nc6 3. Bb5 Nf6 4. O-O Nxe4 5. Re1 Nd6 6. Nxe5 Be7 7. Bf1 Nxe5 8. Rxe5 O-O 9. d4 Bf6 10. Re1 Re8 11. c3 Rxe1 12. Qxe1 Ne8 13. Nd2 d5 14. Bd3 g6 15. Nf3 Ng7 16. Bf4 Bf5 17. Qd2 c6 18. Ne5 Bxd3 19. Qxd3 Nf5 20. Re1 Qa5 21. Nd7 Bg7 22. Qe2 Qd8 23. Nc5 b6 24. Nd3 Rc8 25. Ne5 Nd6 26. Qa6 Rc7 27. Nf3 Bf8 28. Bg5 Be7 29. Bxe7 Rxe7 30. Rxe7 Qxe7 31. h3 Kg7 32. Ne5 c5 33. Qd3 Ne4 34. Nf3 c4 35. Qe3 Qd6 36. Ne5 b5 37. f3 Nf6 38. Qf4 Qe6 39. Kf2 a5 40. a3 h6 41. h4 Qb6 42. Qd2 Qe6 43. Qf4 Qb6 44. Qd2 Qe6 1/2-1/2

[Event "World Youth U-16 Olympiad 2018"]
[Site "Konya"]
[Date "2018.11.26"]
[Round "2"]
[White "De Silva, Tenara"]
[Black "Yaniv, Yuval"]
[Result "1/2-1/2"]
[WhiteElo "2023"]
[BlackElo "2209"]
[Annotator "TA"]
[PlyCount "41"]
[EventDate "2018.11.25"]
[EventType "team-tourn"]
[EventCountry "TUR"]
[SourceTitle "playchess.com"]
[Source "ChessBase"]
[SourceQuality "1"]
[WhiteTeam "Sri Lanka"]
[BlackTeam "Israel"]
[WhiteTeamCountry "SRI"]
[BlackTeamCountry "ISR"]

1. d4 Nf6 2. c4 g6 3. Nc3 Bg7 4. e4 d6 5. f3 O-O 6. Be3 e5 7. d5 c6 8. Qd2 cxd5 9. Nxd5 Nxd5 10. cxd5 f5 11. Bd3 Nd7 12. Ne2 Nf6 13. Nc3 fxe4 14. Nxe4 Nxe4 15. Bxe4 Bf5 16. O-O Qd7 17. Qd3 a6 18. a3 Rac8 19. Rac1 Bxe4 20. fxe4 Rxf1+ 21. Qxf1 1/2-1/2

[Event "World Youth U-16 Olympiad 2018"]
[Site "Konya"]
[Date "2018.11.26"]
[Round "2"]
[White "Khodashneli, Shota"]
[Black "Easwaralingam, Adesh"]
[Result "1-0"]
[WhiteElo "2018"]
[BlackElo "2075"]
[Annotator "NA RC"]
[PlyCount "50"]
[EventDate "2018.11.25"]
[EventType "team-tourn"]
[EventCountry "TUR"]
[SourceTitle "playchess.com"]
[Source "ChessBase"]
[SourceQuality "1"]
[WhiteTeam "Georgia"]
[BlackTeam "Denmark"]
[WhiteTeamCountry "GEO"]
[BlackTeamCountry "DEN"]

1. e4 c5 2. Nf3 e6 3. c3 Nf6 4. e5 Nd5 5. d4 cxd4 6. cxd4 d6 7. Bc4 Be7 8. O-O O-O 9. Bd2 Nc6 10. Nc3 dxe5 11. dxe5 Nxc3 12. Bxc3 b6 13. Qe2 Bb7 14. Rfd1 Qc7 15. Rac1 Rad8 16. Bd3 Qb8 17. h4 Qa8 18. Qe4 Rxd3 19. Qxd3 Nb8 20. h5 h6 21. a3 Na6 22. Qe2 Nc7 23. Bb4 Bxb4 24. Rxc7 Bc5 25. b4 Qb8 1-0

[Event "World Youth U-16 Olympiad 2018"]
[Site "Konya"]
[Date "2018.11.26"]
[Round "2"]
[White "Quiroga Jaquez, Angel Ivan"]
[Black "Briem, Stephan"]
[Result "1-0"]
[WhiteElo "2014"]
[BlackElo "2062"]
[Annotator "NA RC"]
[PlyCount "131"]
[EventDate "2018.11.25"]
[EventType "team-tourn"]
[EventCountry "TUR"]
[SourceTitle "playchess.com"]
[Source "ChessBase"]
[SourceQuality "1"]
[WhiteTeam "Mexico"]
[BlackTeam "Iceland"]
[WhiteTeamCountry "MEX"]
[BlackTeamCountry "ISL"]

1. d4 Nf6 2. c4 e6 3. Nc3 Bb4 4. e3 O-O 5. Bd3 d5 6. Nf3 c5 7. O-O Nc6 8. a3 Bxc3 9. bxc3 b6 10. Ne5 Bb7 11. Nxc6 Bxc6 12. cxd5 exd5 13. a4 Re8 14. f3 Qd7 15. Bd2 a6 16. g4 Qd6 17. Qb1 h6 18. Qxb6 c4 19. Bc2 Reb8 20. Qa5 Rb2 21. Rfc1 Bd7 22. Rab1 Rxb1 23. Rxb1 Bxg4 24. Rb6 Qc7 25. f4 Nd7 26. Rb5 Qxa5 27. Rxa5 Bf3 28. Kf2 Be4 29. Bxe4 dxe4 30. f5 g5 31. fxg6 fxg6 32. Kg3 Kf7 33. Kf4 Nf6 34. Rc5 g5+ 35. Kf5 Rd8 36. Rc7+ Nd7 37. Kxe4 Kg6 38. Rc6+ Nf6+ 39. Ke5 Rd5+ 40. Ke6 Rf5 41. Ke7 Kg7 42. Rxc4 Ne4 43. Be1 Rf3 44. Kd8 Rxe3 45. Bg3 Nxg3 46. hxg3 Rxg3 47. d5 Rd3 48. Rd4 Rxd4 49. cxd4 g4 50. d6 g3 51. d7 g2 52. Kc7 g1=Q 53. d8=Q Qg3+ 54. Kb6 Qb3+ 55. Ka5 Kf7 56. Qd7+ Kf8 57. d5 Qc3+ 58. Kxa6 Qc4+ 59. Kb7 Qb4+ 60. Kc8 Qc4+ 61. Qc6 Qg4+ 62. Qe6 Qxa4 63. Qxh6+ Ke7 64. Qe6+ Kf8 65. Qd6+ Kg8 66. Qd8+ 1-0

[Event "World Youth U-16 Olympiad 2018"]
[Site "Konya"]
[Date "2018.11.26"]
[Round "2"]
[White "Hereklioglu, Sude"]
[Black "Brilej, Jaka"]
[Result "0-1"]
[WhiteElo "1959"]
[BlackElo "2101"]
[Annotator "TA"]
[PlyCount "80"]
[EventDate "2018.11.25"]
[EventType "team-tourn"]
[EventCountry "TUR"]
[SourceTitle "playchess.com"]
[Source "ChessBase"]
[SourceQuality "1"]
[WhiteTeam "Turkey"]
[BlackTeam "Slovenia"]
[WhiteTeamCountry "TUR"]
[BlackTeamCountry "SLO"]

1. e4 c5 2. Nf3 Nc6 3. Bb5 Nf6 4. Nc3 g6 5. e5 Ng4 6. Bxc6 dxc6 7. h3 Nh6 8. g4 Bg7 9. d3 O-O 10. Qe2 f6 11. Bd2 Nf7 12. O-O-O Nxe5 13. Nxe5 fxe5 14. Ne4 b6 15. h4 Qd5 16. b3 h6 17. Rdg1 Qf7 18. Rg3 a5 19. Be3 Qe8 20. Qd2 Kh7 21. h5 g5 22. Bxg5 hxg5 23. Nxg5+ Kh8 24. Ne4 Rf4 25. f3 Qf7 26. Qg2 a4 27. g5 axb3 28. axb3 Ra1+ 29. Kb2 Rxh1 30. Qxh1 Bf8 31. g6 Qg7 32. Rg5 Qh6 33. g7+ Bxg7 34. Rg6 Qh7 35. Ng5 e4+ 36. Kb1 exf3 37. Nxh7 f2 38. Rg1 fxg1=Q+ 39. Qxg1 Bh3 40. h6 Bd4 0-1

[Event "World Youth U-16 Olympiad 2018"]
[Site "Konya"]
[Date "2018.11.26"]
[Round "2"]
[White "Johannsson, Birkir Isak"]
[Black "Lopez Sanchez, Anastacia Antonia"]
[Result "1-0"]
[WhiteElo "1949"]
[BlackElo "1734"]
[Annotator "NA RC"]
[PlyCount "119"]
[EventDate "2018.11.25"]
[EventType "team-tourn"]
[EventCountry "TUR"]
[SourceTitle "playchess.com"]
[Source "ChessBase"]
[SourceQuality "1"]
[WhiteTeam "Iceland"]
[BlackTeam "Mexico"]
[WhiteTeamCountry "ISL"]
[BlackTeamCountry "MEX"]

1. d4 g6 2. c4 Bg7 3. e4 e6 4. Nc3 Ne7 5. Nf3 d6 6. Be2 Nbc6 7. Be3 a6 8. O-O O-O 9. Qd2 e5 10. d5 Nb8 11. Ne1 f5 12. f3 f4 13. Bf2 g5 14. c5 h5 15. cxd6 Qxd6 16. Nd3 b6 17. a4 g4 18. a5 Bd7 19. axb6 cxb6 20. Na4 Bxa4 21. Rxa4 Qg6 22. Qb4 Nc8 23. Kh1 g3 24. Bg1 gxh2 25. Bxh2 Ra7 26. Qc3 Qg5 27. Nf2 Bf6 28. Nh3 Qg6 29. Rd1 Rg7 30. Bf1 b5 31. Raa1 Nd6 32. Rac1 Nc4 33. Bg1 Nd7 34. b3 Nd6 35. Qa5 Nb8 36. Rc7 Bd8 37. Rxg7+ Qxg7 38. Qb4 Be7 39. Qd2 Rc8 40. Rc1 Qf8 41. Rc2 Rxc2 42. Qxc2 Qc8 43. Qxc8+ Nxc8 44. Nf2 Bc5 45. Kh2 Kf7 46. g3 fxg3+ 47. Kxg3 Kf6 48. Bh2 Nd6 49. Nd3 Bd4 50. Kh4 a5 51. f4 Nf7 52. fxe5+ Nxe5 53. Bxe5+ Bxe5 54. Nxe5 Kxe5 55. Bxb5 Kxe4 56. d6 Kd4 57. d7 Nxd7 58. Bxd7 Kc5 59. Ba4 Kb6 60. Kxh5 1-0